| 000 -ლიდერი |
| ფიქსირებული სიგრძის საკონტროლო ველი |
01294nam a22001937a 4500 |
| 003 - საკონტროლო ნომრის იდენტიფიკატორი |
| საკონტროლო ველი |
Ge_BSU |
| 005 - ბოლო ოპერაციის თარიღი და დრო |
| საკონტროლო ველი |
20200127162857.0 |
| 008 - ფიქსირებული სიგრძის მონაცემთა ელემენტები - ზოგადი ინფორმაცია |
| ფიქსირებული სიგრძის საკონტროლო ველი |
200127s2005 ||||| |||| 00| 0 geo d |
| 041 ## - ენის კოდი |
| Language code of text/sound track or separate title |
geo |
| 080 ## - უნივერსალური ათობითი კლასიფიკაციის ინდექსი |
| Universal Decimal Classification number |
341.231.14 ა-63 |
| 245 ## - ცნობა სათაურის შესახებ |
| Title |
ადამიანის უფლებათა ევროპის სასამართლო წამების წინააღმდეგ : |
| Remainder of title |
პრეცედენტული საქმეები / |
| Statement of responsibility, etc |
პროექტის ავტ. და მთ. რედ. ფრიდონ საყვარელიძე ; რედ. ნინო კალანდარიშვილი. |
| 264 ## - წარმოების, გამოცემის, დისტრიბუციის და სხვა ცნობები |
| გამოცემის, წარმოების, დისტრიბუციის... ადგილი |
თბილისი : |
| გამოცემის, წარმოების, დისტრიბუციის... სახელწოდება |
"პლურალიზმი", |
| გამოცემის, წარმოების, დისტრიბუციის... თარიღი |
2005. |
| 300 ## - ფიზიკური აღწერა |
| Extent |
220 გვ. ; |
| Dimensions |
20 სმ. |
| 653 ## - INDEX TERM--UNCONTROLLED |
| Uncontrolled term |
ადამიანის ძირითადი უფლებები. საერთაშორისო სასამართლოები |
| 653 ## - INDEX TERM--UNCONTROLLED |
| Uncontrolled term |
სამართალი |
| 700 ## - ADDED ENTRY--PERSONAL NAME |
| Personal name |
საყვარელიძე, ფრიდონ |
| Relator term |
პროექტის ავტორი და მთავარი რედაქტორი |
| 9 (RLIN) |
6412 |
| 700 ## - ADDED ENTRY--PERSONAL NAME |
| Personal name |
კალანდარიშვილი, ნინო |
| Relator term |
რედაქტორი |
| 9 (RLIN) |
6413 |
| 942 ## - ADDED ENTRY ELEMENTS (KOHA) |
| Source of classification or shelving scheme |
|
| Koha item type |
წიგნი |